• 首页
  • 本馆介绍
  • 公告通知
  • 最新文献
  • 馆藏检索
  • 电子资源
  • 读者导购
  • 参考咨询
  • 我的图书馆
  • 登录
  • 详细信息显示
  • 放入我的书架
  • 预约/预借图书
  • 作者相关作品
  • 分类相关作品
  • 丛书相关作品
  • 出版社相关作品

书目信息

  • 表格格式
  • 工作单格式
  • 卡片格式
题名:
痕元素与人
    
 
作者: 施罗德 著 ;陈荣三 , 张祖暄 译
分册:  
出版信息: 北京   科学出版社  1979
页数: 149页
开本: 20cm
丛书名:
单 册:
中图分类: R329
科图分类:
主题词: 人体形态学
电子资源:
ISBN:
000 00679nam0 2200229 450
001 0641205907
005 20060118112902.96
010    @dCNY0.45
100    @a20060118d1979 km y0chiy0120 ea
101 0  @achi
102    @aCN@b110000
102    @aCN@b110000
200 1  @a痕元素与人@Ahen yuan su yu ren@f(美)H·A·施罗德著@F(mei)H·A·shi luo de zhu@g陈荣三,张祖暄译@Gchen rong san,zhang zu xuan yi
210    @a北京@c科学出版社@d1979
215 1  @a149页@d20cm
606 0  @a人体形态学
690    @aR329@v4
701  0 @a施罗德@Ashi luo de@4著
702  0 @a陈荣三@Achen rong san@4译
702  0 @a张祖暄@Azhang zu xuan@4译
801  0 @aCN@bPFT@c20060118
905    @a10447@dR329@e2
    
    痕元素与人/(美)H·A·施罗德著/陈荣三,张祖暄译.-北京:科学出版社,1979
    149页;20cm
    
    
    ISBN :CNY0.45
    
●
相关链接 在E读中查询图书 在五车中查询图书 在当当中查询图书 在豆瓣中查询图书


正题名:痕元素与人     索取号:R329/2         预约/预借

序号 登录号 条形码 馆藏地/架位号 状态 备注
1 0022585   000708247   密集书库/ [索取号:R329/2] 在馆    
唐山师范学院图书馆 欢迎您!
大连网信软件有限公司© 版权所有